01016nam a22002657a 4500003000400000005001700004008004100021017004500062020001800107040002400125100003700149245011200186246006600298246002500364246001900389260003500408300002800443504002800471630002700499650005300526650004900579650005400628650004300682700002500725OSt20170530135833.0170530s2016 spca 000 0 cat|d aDL B 22522-2016bBiblioteca de Catalunya a9788494239991 aES-BaCBUbcatcCDMR1 aManzanares Oliver, Jordi,d1963-10a100 anys: 1917/2017 b: el tebeo que va donar nom als altres /cJordi Manzanares ; [pròleg: Josep Cuní]3 aCent anys: 1917/2017 b: el tebeo que va donar nom als altres30aCent anys: 1917/201718aTBO, cent anys a[Barcelona] :bDiminuta,c2016 a171 p. :bil. ;c27 cm  aBibliografia p. 168-17107aTBOxHistòria2lemac07aCòmicszEspanyaxHistòria i crítica2lemac 7aHumorisme gràfic espanyolxHistoria2lemac 7aDibuixants de còmicszEspanyaxBiografia2lemac 7aEscriptors espanyolsxBiografia2lemac1 aCuní, Josepd1953-